000 00547nam a2200181Ia 4500
005 20260429112232.0
008 260429s9999||||xx |||||||||||||| ||und||
020 _a9788170546030
041 _aHindi
082 _a891.434
_bDHA
100 _aधवन, मधु
245 0 _aआधुनिक साहित्य निबंध /
_cमधु धवन
250 _a1st ed.
260 _aदिल्ली :
_bक्लासिकल प्रकाशक,
_c2015.
300 _a317 p.; Hb
650 _aHindi essays
942 _cTB
999 _c53041
_d53041